000 00964nac a22002897a 4500
001 BR9300748
003 BR-BrBNA
005 20240105121403.0
008 230509b bl.|||m| |||| 00| 0 por d
040 _aBR-BrBNA
_bpor
_cBiblioteca Nacional de Agricultura
072 _aF07; F01
090 _a1910 BR9300748
100 1 _aKaria, C.T.
100 1 _aSpain, J.M.
100 1 _aCarvalho, S.I.C. de
100 1 _aVilela, L.
110 1 _aCentro de Pesquisa Agropecuaria dos Cerrados, Planaltina, DF (Brasil)
245 1 _aEfeito das epocas de preparo do solo e do plantio no estabelecimento de pastagens
260 3 _aPlanaltina, DF (Brasil):
_c1990.
300 _a6 p.
490 _aPesquisa em Andamento - Centro de Pesquisa Agropecuaria dos Cerrados (Brazil)
_vno. 38
_xISSN 0102-2008
650 _aPastagem
650 _aEpoca de Plantio
650 _aManejo do Solo
909 _a202312
_bLúcia Elande
_c55
_dLúcia Elande
942 _2AGRIS
_n0
_cMS
999 _c284998
_d284998